000 00669 a2200169 4500
003 Nust
005 20221208121950.0
040 _cNust
082 _a530.41, SCR
100 _aScroggie .M.G
_979919
245 _aThe Electron In Electronics
_cM.G . Scroggie
260 _aLondon
_bHayden pub
_c1965
300 _a276:p
505 _aElectronics and Physics (Page-1), Classical Science (Page-5), Discrepancies (Page-31), The Quantum Theory (Page-41), Wave and Particles (Page-61), Atoms (Page-88), Solids (Page-113), Semiconductors (Page-142), More about the Atom (Page-170), Relativity (Page-227).
650 _aThe Electron In Electronics
_9104456
942 _2ddc
_cBK
999 _c180908
_d180908